Score 0/25 Timer 06:00
0 Plays Today
% Correct
Sleepiness
88.8%
Jealousy
88.7%
Arrogance
88.2%
Gratitude
88.2%
Love
88%
Confidence
87%
Remorse
85.3%
Embarrassment
84.8%
Disappointment
84.5%
Bravery
84.1%
Boredom
83.8%
Surprise
83.5%
Humility
82.4%
% Correct
Joy
82.1%
Enthusiasm
80.8%
Shyness
79.1%
Friendliness
77.5%
Sorrow
76.5%
Happiness
75.1%
Fear
65.5%
Forlornness
63.5%
Nervousness
63.2%
Anger
57.9%
Hurt
56.9%
Angst
52.1%
Remove Ads.
Support Sporcle.
Get the best of Sporcle when you Go Orange. This ad-free experience offers more features, more stats, and more fun while also helping to support Sporcle. Thank you for becoming a member.

You're not logged in!

Compare scores with friends on all Sporcle quizzes.
OR
Log In

Show Comments

Extras

Top Quizzes Today


Score Distribution

Your Account Isn't Verified!

In order to create a playlist on Sporcle, you need to verify the email address you used during registration. Go to your Sporcle Settings to finish the process.

Report this User

Report this user for behavior that violates our Community Guidelines.

Details: